|
|
|
|
| LEADER |
00716cam a2200169ua 4500 |
| 020 |
|
|
|a 81-7638-252-3
|
| 082 |
|
|
|a M494.812 8
|b CHA/G
|
| 100 |
0 |
|
|a ചന്ദ്രശേഖരൻ നായർ, സി കെ.
|
| 245 |
1 |
0 |
|a ഗദ്യരചന: ഒന്നാം ഭാഗം അഭ്യസരചന /
|
| 250 |
|
|
|a 2nd ed.
|
| 260 |
|
|
|a Thiruvananthapuram:
|b Kerala Bhasha Institute,
|c 2001.
|
| 300 |
|
|
|a 188p..
|
| 650 |
0 |
|
|a Gadyarachana: Onnam Bhaagam Abhyasarachana
|a Malayalam Linguistics
|
| 700 |
|
|
|a Chandrashekharan Nair, C.K.
|
| 942 |
|
|
|c BK
|
| 999 |
|
|
|c 11231
|d 11231
|
| 952 |
|
|
|0 0
|1 0
|4 0
|6 M_494_812000000000000_8_CHA
|7 0
|9 11717
|a KUCL
|b KUCL
|d 2014-05-23
|l 1
|o M494.812 8 CHA/
|p 13104
|r 2017-12-21
|s 2017-12-19
|w 2014-05-23
|y BK
|